Vnitřní faktory ovlivňující malé a střední podnikání případová studie z Moravskoslezského kraje
Prezentácia výsledkov šetrenia v oblasti malých a stredných podnikov (MSP) v rámci riešenej výskumnej práce. Hlavným bodom je vymedzenie vnútorných faktorov, ktoré ovplyvňujú spôsob správania sa podnikateľských subjektov. V analýze sú využité štatistické metódy v deskriptívnej rovine - tvoriacej kv...
Salvato in:
| Autore principale: | |
|---|---|
| Altri autori: | |
| Natura: | Capitolo di libro |
| Lingua: | ceco |
| Soggetti: | |
| Tags: |
Nessun Tag, puoi essere il primo ad aggiungerne!!
|
MARC
| LEADER | 00000naa$a2200000$$$4500 | ||
|---|---|---|---|
| 001 | 0059167 | ||
| 005 | 20231102111156.3 | ||
| 041 | 0 | |a cze | |
| 044 | |a SK | ||
| 245 | 1 | 0 | |a Vnitřní faktory ovlivňující malé a střední podnikání |b případová studie z Moravskoslezského kraje |c Jarmila Šebestová, Eva Wagnerová |
| 520 | |a Prezentácia výsledkov šetrenia v oblasti malých a stredných podnikov (MSP) v rámci riešenej výskumnej práce. Hlavným bodom je vymedzenie vnútorných faktorov, ktoré ovplyvňujú spôsob správania sa podnikateľských subjektov. V analýze sú využité štatistické metódy v deskriptívnej rovine - tvoriacej kvantitatívnu oblasť výskumu. | ||
| 610 | 2 | 0 | |a podnikanie malé |
| 610 | 2 | 0 | |a metódy štatistické |
| 610 | 2 | 0 | |a Česko |
| 610 | 2 | 0 | |a štúdie prípadové |
| 610 | 2 | 0 | |a podnikanie stredné |
| 100 | 1 | |a Šebestová, Jarmila | |
| 700 | 1 | |a Wagnerová, Eva | |